[Event "Winnipeg TNT July op"]
[Site "Winnipeg"]
[Date "2007.07.24"]
[Round "4"]
[White "Magnusson, Saul"]
[Black "Kwiatek, Jordan"]
[Result "1/2-1/2"]
[WhiteElo "915"]
[BlackElo "1879"]
[PlyCount "22"]
[EventDate "2007.07.03"]
[EventType "swiss"]
[EventRounds "5"]
[EventCountry "CAN"]
[SourceTitle "EXT 2019"]
[Source "ChessBase"]
[SourceDate "2018.10.10"]
[SourceVersion "1"]
[SourceVersionDate "2018.10.10"]
[SourceQuality "1"]

1. e4 e6 2. d4 d5 3. Nc3 Bb4 4. a3 Bxc3+ 5. bxc3 dxe4 6. Qg4 Nf6 7. Qxg7 Rg8 8. Qh6 Rg6 9. Qh4 Rg4 10. Qh6 Rg6 11. Qh4 Rg4 1/2-1/2

[Event "Winnipeg TNT June op"]
[Site "Winnipeg"]
[Date "2007.06.05"]
[Round "1"]
[White "Evans, Brian"]
[Black "Kwiatek, Jordan"]
[Result "0-1"]
[WhiteElo "1519"]
[BlackElo "1956"]
[PlyCount "53"]
[EventDate "2007.06.05"]
[EventType "swiss"]
[EventRounds "4"]
[EventCountry "CAN"]
[SourceTitle "EXT 2019"]
[Source "ChessBase"]
[SourceDate "2018.10.10"]
[SourceVersion "1"]
[SourceVersionDate "2018.10.10"]
[SourceQuality "1"]

1. e4 c5 2. Nf3 e6 3. d4 cxd4 4. Nxd4 a6 5. Bc4 b5 6. Bb3 Bb7 7. Qd3 Nf6 8. f3 Be7 9. Bd2 Qc7 10. a3 Nc6 11. Nxc6 dxc6 12. f4 c5 13. e5 c4 14. Qe2 Ne4 15. Ba2 Nxd2 16. Nxd2 c3 17. bxc3 Qxc3 18. 0-0 Bc5+ 19. Kh1 Be3 20. Nb3 Rc8 21. Rae1 Bb6 22. Qd2 Qh3 23. Re2 Rd8 24. Qc1 h5 25. Rd1 Rxd1+ 26. Qxd1 Qg4 27. Rd2 0-1

[Event "Winnipeg TNT May op"]
[Site "Winnipeg"]
[Date "2007.05.08"]
[Round "2"]
[White "Kwiatek, Jordan"]
[Black "Goodman, Clifford"]
[Result "1-0"]
[WhiteElo "1988"]
[BlackElo "1508"]
[PlyCount "48"]
[EventDate "2007.05.01"]
[EventType "swiss"]
[EventRounds "5"]
[EventCountry "CAN"]
[SourceTitle "EXT 2022"]
[Source "ChessBase"]
[SourceDate "2021.10.06"]
[SourceVersion "1"]
[SourceVersionDate "2021.10.06"]
[SourceQuality "1"]

1. d4 Nf6 2. c4 e6 3. Nf3 b6 4. a3 Bb7 5. Nc3 d5 6. cxd5 Nxd5 7. Qc2 Nd7 8. e4 Nxc3 9. bxc3 c5 10. Bd3 cxd4 11. cxd4 Rc8 12. Qe2 Nf6 13. 0-0 h6 14. Bb2 Be7 15. e5 Nd5 16. Bb5+ Bc6 17. Ba6 Rc7 18. Nd2 Nf4 19. Qg4 Bg5 20. g3 Bg2 21. Bb5+ Ke7 22. gxf4 Bxf1 23. Bxf1 Rc2 24. Nc4 Rxc4 1-0

[Event "Winnipeg TNT April op"]
[Site "Winnipeg"]
[Date "2007.04.24"]
[Round "4"]
[White "Lauritson, Jim"]
[Black "Kwiatek, Jordan"]
[Result "1-0"]
[WhiteElo "1916"]
[BlackElo "1988"]
[PlyCount "91"]
[EventDate "2007.04.03"]
[EventType "swiss"]
[EventRounds "4"]
[EventCountry "CAN"]
[SourceTitle "EXT 2019"]
[Source "ChessBase"]
[SourceDate "2018.10.10"]
[SourceVersion "1"]
[SourceVersionDate "2018.10.10"]
[SourceQuality "1"]

1. d4 Nf6 2. c4 g6 3. Nc3 Bg7 4. e4 d6 5. Nf3 0-0 6. Be2 e5 7. d5 Nbd7 8. Bg5 h6 9. Bh4 a5 10. Nd2 Nc5 11. b3 Bd7 12. a3 g5 13. Bg3 Nh7 14. 0-0 f5 15. f3 f4 16. Bf2 h5 17. b4 axb4 18. axb4 Rxa1 19. Qxa1 Na6 20. Rb1 g4 21. c5 g3 22. hxg3 fxg3 23. Be3 Qh4 24. Nf1 Ng5 25. Bxg5 Qxg5 26. c6 Nxb4 27. Rxb4 bxc6 28. dxc6 Bc8 29. Nd5 h4 30. Qe1 Bh6 31. Nxc7 Kh7 32. Nd5 Rg8 33. Rb8 Qg7 34. c7 h3 35. gxh3 g2 36. Nh2 Qxc7 37. Nf6+ Kh8 38. Nxg8 Be3+ 39. Kxg2 Qxb8 40. Ne7 Be6 41. Ng4 Bg5 42. Nd5 Qd8 43. Qb4 Kg7 44. Qb6 Qf8 45. Qc7+ Kg6 46. Bb5 1-0

[Event "Yanofsky Memorial op"]
[Site "Winnipeg"]
[Date "2006.09.03"]
[Round "5"]
[White "Kwiatek, Jordan"]
[Black "Kaptsan, Aron"]
[Result "1-0"]
[WhiteElo "1811"]
[BlackElo "1947"]
[PlyCount "61"]
[EventDate "2006.09.01"]
[EventType "swiss"]
[EventRounds "5"]
[EventCountry "CAN"]
[SourceTitle "EXT 2007"]
[Source "ChessBase"]
[SourceDate "2006.11.23"]
[SourceVersion "1"]
[SourceVersionDate "2006.11.23"]
[SourceQuality "1"]

1. e4 e5 2. d4 exd4 3. Qxd4 Nc6 4. Qe3 d6 5. Nc3 Nf6 6. Bd2 Be7 7. 0-0-0 0-0 8. h3 Re8 9. g4 Bf8 10. g5 Nd7 11. Qg3 Nc5 12. Nf3 Nxe4 13. Nxe4 Rxe4 14. Bd3 Re8 15. h4 Be6 16. h5 Qd7 17. g6 Bf5 18. gxf7+ Qxf7 19. Ng5 Qd7 20. Bc4+ d5 21. Bc3 Ne7 22. h6 Qc6 23. hxg7 Bxg7 24. Ne6 Bg6 25. Nxg7 Qxc4 26. Nxe8 Rxe8 27. Qe5 Nf5 28. Qh8+ Kf7 29. Qf6+ Kg8 30. Qh8+ Kf7 31. Rxh7+ 1-0

[Event "Yanofsky Memorial op"]
[Site "Winnipeg"]
[Date "2006.09.03"]
[Round "4"]
[White "Sigurdson, Matthew"]
[Black "Kwiatek, Jordan"]
[Result "0-1"]
[WhiteElo "1244"]
[BlackElo "1811"]
[PlyCount "80"]
[EventDate "2006.09.01"]
[EventType "swiss"]
[EventRounds "5"]
[EventCountry "CAN"]
[SourceTitle "EXT 2007"]
[Source "ChessBase"]
[SourceDate "2006.11.23"]
[SourceVersion "1"]
[SourceVersionDate "2006.11.23"]
[SourceQuality "1"]

1. e4 e5 2. f4 d5 3. exd5 e4 4. Nc3 Nf6 5. Bb5+ c6 6. dxc6 Nxc6 7. Nge2 Bc5 8. b3 0-0 9. Bxc6 bxc6 10. Bb2 a5 11. d3 Qe7 12. Qd2 exd3 13. cxd3 Be3 14. Qc2 Re8 15. Bc1 Ng4 16. Bxe3 Nxe3 17. Qb2 Nxg2+ 18. Kd2 Qe3+ 19. Kc2 Bf5 20. Rad1 Rad8 21. Kb1 Rxd3 22. Ka1 Nxf4 23. Nxf4 Rxc3 24. Ng2 Qc5 25. Qe2 Be6 26. Ne3 Qxe3 27. Qb2 Bd5 28. Rhg1 f6 29. Rg3 Bf3 30. Qb1 Qe5 31. Qb2 Bxd1 32. Rxc3 a4 33. Qd2 axb3 34. axb3 Qe2 35. Qd6 Ra8+ 36. Kb1 Qa2+ 37. Kc1 Qa1+ 38. Kd2 Qb2+ 39. Kd3 Qe2+ 40. Kd4 Qe5+ 0-1

[Event "Yanofsky Memorial op"]
[Site "Winnipeg"]
[Date "2006.09.02"]
[Round "2"]
[White "Melamedoff, Gustavo"]
[Black "Kwiatek, Jordan"]
[Result "1-0"]
[WhiteElo "1975"]
[BlackElo "1811"]
[PlyCount "41"]
[EventDate "2006.09.01"]
[EventType "swiss"]
[EventRounds "5"]
[EventCountry "CAN"]
[SourceTitle "EXT 2007"]
[Source "ChessBase"]
[SourceDate "2006.11.23"]
[SourceVersion "1"]
[SourceVersionDate "2006.11.23"]
[SourceQuality "1"]

1. e4 g6 2. d4 Bg7 3. Nc3 c5 4. Nf3 cxd4 5. Nxd4 Nc6 6. Be3 Nf6 7. Nxc6 bxc6 8. e5 Ng8 9. f4 Nh6 10. Bc4 0-0 11. 0-0 d6 12. Qe1 Ng4 13. Rd1 Nxe3 14. Qxe3 d5 15. Nxd5 Qa5 16. Nxe7+ Kh8 17. Nxc8 Raxc8 18. Rd7 Rcd8 19. Rxa7 Qb4 20. b3 Rd2 21. c3 1-0

[Event "Winnipeg TNT June op"]
[Site "Winnipeg"]
[Date "2006.06.13"]
[Round "2"]
[White "Nikouline, Alexandre"]
[Black "Kwiatek, Jordan"]
[Result "1-0"]
[WhiteElo "1984"]
[BlackElo "1855"]
[PlyCount "55"]
[EventDate "2006.06.06"]
[EventType "swiss"]
[EventRounds "4"]
[EventCountry "CAN"]
[SourceTitle "EXT 2007"]
[Source "ChessBase"]
[SourceDate "2006.11.23"]
[SourceVersion "1"]
[SourceVersionDate "2006.11.23"]
[SourceQuality "1"]

1. e4 c5 2. Nf3 d6 3. d4 cxd4 4. Nxd4 Nf6 5. Nc3 g6 6. Be3 Bg7 7. f3 0-0 8. Qd2 Nc6 9. g4 Re8 10. 0-0-0 Qa5 11. Bc4 Nd7 12. Nd5 Qd8 13. Nb5 Nde5 14. Bb3 Na5 15. Nbc7 Nac4 16. Bxc4 Nxc4 17. Qe2 Nxe3 18. Qxe3 Rb8 19. Nxe8 Qxe8 20. Qxa7 Bd7 21. Nxe7+ Kh8 22. Rxd6 Ra8 23. Qxb7 Be6 24. c3 Rb8 25. Qc7 Bxa2 26. Nc6 Bh6+ 27. Kc2 Rc8 28. Qxc8 1-0

[Event "Winnipeg TNT February op"]
[Site "Winnipeg"]
[Date "2006.02.28"]
[Round "4"]
[White "Prince, Colin"]
[Black "Kwiatek, Jordan"]
[Result "1/2-1/2"]
[WhiteElo "1801"]
[BlackElo "1695"]
[PlyCount "76"]
[EventDate "2006.02.07"]
[EventType "swiss"]
[EventRounds "4"]
[EventCountry "CAN"]
[SourceTitle "EXT 2007"]
[Source "ChessBase"]
[SourceDate "2006.11.23"]
[SourceVersion "1"]
[SourceVersionDate "2006.11.23"]
[SourceQuality "1"]

1. f4 c5 2. Nf3 g6 3. e4 Nc6 4. Bc4 Bg7 5. c3 Qb6 6. d3 Nh6 7. a4 0-0 8. 0-0 e6 9. Qe1 d6 10. Qh4 Qd8 11. Ng5 d5 12. Bb3 dxe4 13. dxe4 Na5 14. Bc2 f6 15. Nf3 Nf7 16. Rd1 Qb6 17. Nbd2 Bd7 18. Nf1 Rad8 19. Rb1 Nb3 20. Ne3 Bxa4 21. Ng4 Rxd1+ 22. Bxd1 Nd6 23. e5 Nf5 24. Qf2 Nxc1 25. Rxc1 Bc6 26. exf6 Bxf6 27. Nxf6+ Rxf6 28. Ne5 c4 29. Nxc4 Qxf2+ 30. Kxf2 Bd5 31. Ne5 Nd6 32. g3 Nc4 33. Nd3 g5 34. b3 Nd6 35. Ke3 gxf4+ 36. Nxf4 Bc6 37. b4 Nc4+ 38. Kd3 Nb2+ 1/2-1/2

[Event "Yanofsky Memorial op"]
[Site "Winnipeg"]
[Date "2005.09.03"]
[Round "1"]
[White "Kwiatek, Jordan"]
[Black "Haessel, Dale R"]
[Result "0-1"]
[WhiteElo "1724"]
[BlackElo "2254"]
[PlyCount "74"]
[EventDate "2005.09.03"]
[EventType "swiss"]
[EventRounds "6"]
[EventCountry "CAN"]
[SourceTitle "CBM 108 Extra"]
[Source "ChessBase"]
[SourceDate "2005.11.04"]
[SourceVersion "1"]
[SourceVersionDate "2005.11.04"]
[SourceQuality "1"]

1. d4 Nf6 2. Bg5 g6 3. Bxf6 exf6 4. e3 f5 5. g3 Bg7 6. c4 0-0 7. Bg2 c6 8. Nc3 d6 9. Nge2 Nd7 10. 0-0 Rb8 11. b4 a6 12. a4 Nf6 13. c5 dxc5 14. bxc5 Re8 15. Qd3 Qe7 16. Rab1 Be6 17. Nf4 Rbd8 18. Rfd1 Bc8 19. Qc4 g5 20. Nd3 Ne4 21. Ne2 Be6 22. Qb4 Rd7 23. Nb2 b5 24. axb5 axb5 25. Ra1 Bd5 26. Rf1 Nf6 27. Ra6 Bxg2 28. Kxg2 Qe4+ 29. Kg1 Nd5 30. Qa3 f4 31. Nd1 f3 32. Nc1 Qg4 33. Nd3 Bxd4 34. exd4 Qh3 35. Nf4 Nxf4 36. Qxf3 Ne2+ 37. Kh1 Qxf1# 0-1

[Event "Winnipeg TNT April op"]
[Site "Winnipeg"]
[Date "2005.04.12"]
[Round "2"]
[White "Melamedoff, Gustavo"]
[Black "Kwiatek, Jordan"]
[Result "1-0"]
[WhiteElo "2032"]
[BlackElo "1740"]
[PlyCount "81"]
[EventDate "2005.04.05"]
[EventType "swiss"]
[EventRounds "4"]
[EventCountry "CAN"]
[SourceTitle "EXT 2006"]
[Source "ChessBase"]
[SourceDate "2005.11.24"]
[SourceVersion "1"]
[SourceVersionDate "2005.11.24"]
[SourceQuality "1"]

1. e4 c5 2. Nf3 g6 3. Be2 Nc6 4. 0-0 Bg7 5. c3 d6 6. d4 cxd4 7. cxd4 Nf6 8. Nc3 0-0 9. d5 Nb8 10. Be3 Bg4 11. Nd2 Bxe2 12. Qxe2 Nbd7 13. f4 b5 14. Nxb5 Qa5 15. Nd4 Rfe8 16. Nc6 Qc7 17. Rac1 Nc5 18. Bf2 e6 19. Nd4 Qb7 20. dxe6 Nfxe4 21. Nxe4 Nxe4 22. exf7+ Qxf7 23. Qc4 Qxc4 24. Rxc4 Nd2 25. Rc6 Nxf1 26. Kxf1 Re4 27. Rxd6 Rxf4 28. Ne6 Be5 29. Rd5 Re4 30. Nc5 Rf4 31. Rxe5 Raf8 32. Nd3 Rd4 33. Ke2 Rxd3 34. Kxd3 Rxf2 35. Re2 Rf1 36. b4 Kf7 37. Kc4 Rf5 38. Re3 Rf4+ 39. Kb5 a6+ 40. Ka5 Rf2 41. Rf3+ 1-0